Państwa według zdjęcia #5 - Statystyki

Ogólne statystyki
  • Ten quiz został rozwiązany 3 471 razy
  • Średni wynik to 9 z 15
Statystyki odpowiedzi
Obrazkowy Odpowiedź % Poprawnych
Grecja
97%
Japonia
97%
Stany Zjednoczone
96%
Indie
93%
Egipt
82%
Zjednoczone Emiraty Arabskie
79%
Norwegia
61%
Czechy
58%
Francja
58%
Tajlandia
52%
Indonezja
42%
Kazachstan
35%
Brazylia
27%
Jemen
21%
Armenia | Turcja
19%
Nie znaleziono quizów pasujących do podanych kryteriów
Rozkład punktacji
Procent ludzi z każdym wynikiem
Percentyl według liczby udzielonych odpowiedzi
Twoja historia wyników
Nie rozwiązałeś tego quizu